Central Library OPAC University of Rajshahi

Understanding the earth : (Record no. 67252)

MARC details
000 -LEADER
fixed length control field 01021nam a2200301 a 4500
001 - CONTROL NUMBER
control field 67252
003 - CONTROL NUMBER IDENTIFIER
rucl marc code BD-RjUL
005 - DATE AND TIME OF LATEST TRANSACTION
control field 20211209081630.0
008 - FIXED-LENGTH DATA ELEMENTS--GENERAL INFORMATION
fixed length control field 170323s19731972enka b 001 0 eng
020 ## - INTERNATIONAL STANDARD BOOK NUMBER
International Standard Book Number 0851413080 (pbk.)
International Standard Book Number 0851413099 (library ed.)
035 ## - SYSTEM CONTROL NUMBER
System control number (BD-RjUL)67383
040 ## - CATALOGING SOURCE
Original cataloging agency DLC
Transcribing agency DLC
Modifying agency BD-RjUL
Language of cataloging eng
041 ## - LANGUAGE CODE
Language code of text/sound track or separate title eng
082 ## - DEWEY DECIMAL CLASSIFICATION NUMBER
Classification number 550
Edition number 23
Author mark and year UND 1973
245 10 - TITLE STATEMENT
Title Understanding the earth :
Remainder of title a reader in the earth sciences /
Statement of responsibility, etc. edited by I. G. Gass, Peter J. Smith, R. C. L. Wilson at the Open University.
250 ## - EDITION STATEMENT
Edition statement 2nd ed.
260 ## - PUBLICATION, DISTRIBUTION, ETC. (IMPRINT)
Place of publication, distribution, etc. Sussex :
Name of publisher, distributor, etc. Published for the Open University by the Artemis Press,
Date of publication, distribution, etc. 1972 [ Reprinted 1973 ].
300 ## - PHYSICAL DESCRIPTION
Pagination 383 p. :
Illustrations ill. ;
Size 26 cm.
504 ## - BIBLIOGRAPHY, ETC. NOTE
Bibliography, etc Includes bibliographical references and index.
650 #0 - SUBJECT ADDED ENTRY--TOPICAL TERM
Topical term or geographic name as entry element Earth sciences.
9 (RLIN) 11266
700 1# - ADDED ENTRY--PERSONAL NAME
Personal name Gass, I. G.
Personal name Smith, Peter J.,
Personal name Wilson, R. C. L.
710 2# - ADDED ENTRY--CORPORATE NAME
Corporate name or jurisdiction name as entry element Open University.
9 (RLIN) 199263
942 ## - ADDED ENTRY ELEMENTS (KOHA)
Source of classification or shelving scheme Dewey Decimal Classification
Koha item type Books
Holdings
Lost status Source of classification or shelving scheme Damaged status Not for loan Collection code Permanent Location Current Location Shelving location Date acquired Source of acquisition Total Checkouts Full call number Date last seen Copy number Koha item type
  Dewey Decimal Classification   Not For Loan Non-fiction Central Library, University of Rajshahi Central Library, University of Rajshahi Reading Room 25/05/1995 Asia Foundation   550 UND 1973 23/03/2017 C-1 Books